000 00380nam a22001697a 4500
003 UA-OsUOA
001 3407
007 ta
008 20050721b un ||||| |||| 00| 0 ukr d
100 _aAdler
700 _aDavid A.
942 _cBK
040 _aUA-OsUOA
_cUA-OsUOA
_dUA-OsUOA
245 _aCam Jansen and the Mystery of the Gold Coins.
_bFiction
955 _a2
650 7 _2UDC
999 _c289569
_d289569